[Event "English Online Blitz Gp2"]
[Site "chess.com INT"]
[Date "2020.05.09"]
[Round "7"]
[White "Tan, Justin2"]
[Black "Chow, Samuel"]
[Result "1/2-1/2"]
[WhiteTitle "GM"]
[BlackTitle "FM"]
[WhiteElo "2496"]
[BlackElo "2345"]
[WhiteFideId "3206882"]
[BlackFideId "3202992"]
[EventDate "2020.05.09"]
[EventType "blitz"]

1. e4 e6 2. d4 d5 3. Nc3 Nf6 4. e5 Nfd7 5. f4 c5 6. Nf3 Be7 7. Be3 b6 8. Qd2 O-O
9. h4 Nc6 10. Bb5 Nxd4 11. Nxd4 cxd4 12. Bxd4 Bxh4+ 13. Bf2 Bxf2+ 14. Qxf2 f6
15. Bd3 h6 16. Qg3 fxe5 17. fxe5 Qg5 18. Qxg5 hxg5 19. Bh7+ Kf7 20. O-O+ Ke7 21.
Rxf8 Kxf8 22. Re1 Ba6 23. Nd1 Kf7 24. Bf5 exf5 25. e6+ Ke7 26. exd7+ Kxd7 27.
Re5 g6 28. Rxd5+ Ke6 29. Rd4 Rh8 30. Ra4 Bb7 31. Rxa7 Be4 32. Nc3 Bxc2 33. Rb7
Ke5 34. Rxb6 Kf4 35. Rxg6 Rd8 36. Re6 Rd2 37. Re2 Rxe2 38. Nxe2+ Ke3 39. Nc3 f4
40. a4 Kd4 41. Kf2 Kc5 42. Kf3 Bf5 43. Ne4+ Kb4 44. Nxg5 Kxa4 45. Kxf4 Bg6 46.
Nf3 Kb3 47. Ne5 Bh7 48. g4 Kxb2 49. Kg5 Kc3 50. Kh6 Be4 51. Nf7 Kd4 52. Nd6 Bd5
53. g5 Ke5 54. Ne8 Be4 55. Nf6 Bc2 56. Ng4+ Ke6 57. Ne3 Bd3 58. Kh5 Kf7 59. Kg4
Kg7 60. Kf4 Bb1 61. Nf5+ Bxf5 62. Kxf5 Kf7 63. g6+ Kg7 64. Kg5 Kg8 65. Kf6 Kf8
66. g7+ Kg8 67. Kf5 Kxg7 1/2-1/2

[Event "English Online Blitz Gp2"]
[Site "chess.com INT"]
[Date "2020.05.09"]
[Round "8"]
[White "Haydon, David L"]
[Black "Varney, Zoe"]
[Result "1-0"]
[WhiteTitle "FM"]
[WhiteElo "2294"]
[BlackElo "1917"]
[WhiteFideId "415405"]
[BlackFideId "436135"]
[EventDate "2020.05.09"]
[EventType "blitz"]

1. Nf3 d5 2. g3 c6 3. Bg2 Nf6 4. O-O Nbd7 5. d4 e6 6. c4 Bd6 7. Qc2 O-O 8. Nc3
dxc4 9. e4 e5 10. Rd1 exd4 11. Nxd4 Nb6 12. e5 Bxe5 13. Ne6 Qe7 14. Nxf8 Qxf8
15. Be3 Be6 16. Bd4 Bxd4 17. Rxd4 Nbd5 18. Rad1 Nxc3 19. Qxc3 Bd5 20. Qa5 Bxg2
21. Rd8 Rxd8 22. Rxd8 Ne8 23. Qe1 c5 24. Rxe8 1-0

[Event "English Online Blitz Gp2"]
[Site "chess.com INT"]
[Date "2020.05.09"]
[Round "8"]
[White "Harvey, Derek"]
[Black "Damodaran, Patrick"]
[Result "0-1"]
[WhiteElo "1551"]
[BlackElo "1498"]
[WhiteFideId "467693"]
[BlackFideId "465429"]
[EventDate "2020.05.09"]
[EventType "blitz"]

1. e4 d5 2. exd5 Nf6 3. d4 Nxd5 4. Nf3 Nb6 5. h3 g6 6. c3 Bg7 7. Be3 Bf5 8. Bd3
Bxd3 9. Qxd3 Nc6 10. Nbd2 a6 11. Ne4 Ne5 12. Nxe5 Bxe5 13. O-O-O Bg7 14. Qd2 Nc4
15. Qe2 Qd5 16. Qd3 Nxe3 17. fxe3 Qxa2 18. h4 Qa1+ 19. Kc2 Qa4+ 20. Kc1 Qb5 21.
h5 Qxd3 22. Rxd3 O-O-O 23. h6 Be5 24. Nc5 Bd6 25. Rhd1 Bxc5 26. dxc5 Rxd3 27.
Rxd3 Rd8 28. Rxd8+ Kxd8 29. Kd2 Kd7 30. Kd3 Kc6 31. Kd4 f6 32. c4 a5 33. e4 e5+
34. Kc3 Kxc5 0-1

[Event "English Online Blitz Gp2"]
[Site "chess.com INT"]
[Date "2020.05.09"]
[Round "8"]
[White "Hebden, Mark L"]
[Black "Tan, Justin2"]
[Result "0-1"]
[WhiteTitle "GM"]
[BlackTitle "GM"]
[WhiteElo "2453"]
[BlackElo "2496"]
[WhiteFideId "400084"]
[BlackFideId "3206882"]
[EventDate "2020.05.09"]
[EventType "blitz"]

1. d4 Nf6 2. Nf3 d5 3. c4 e6 4. Bg5 h6 5. Bxf6 Qxf6 6. Nc3 c6 7. Qb3 Qe7 8. a3
g6 9. e4 dxc4 10. Bxc4 Bg7 11. O-O O-O 12. Qc2 Nd7 13. e5 b5 14. Ba2 c5 15. Qe4
Rb8 16. d5 c4 17. d6 Qd8 18. Nd4 Nxe5 19. Ndxb5 a6 20. Nd4 Rxb2 21. Rab1 Rxb1
22. Rxb1 Qxd6 23. Nf3 Nxf3+ 24. Qxf3 Qxa3 0-1

[Event "English Online Blitz Gp2"]
[Site "chess.com INT"]
[Date "2020.05.09"]
[Round "8"]
[White "Stepanyan, Henrik"]
[Black "Adair, James R"]
[Result "1-0"]
[BlackTitle "IM"]
[WhiteElo "2196"]
[BlackElo "2450"]
[WhiteFideId "401030"]
[BlackFideId "406252"]
[EventDate "2020.05.09"]
[EventType "blitz"]

1. d4 Nf6 2. c4 e6 3. Nf3 b6 4. g3 Bb4+ 5. Bd2 Be7 6. Bg2 c6 7. O-O d5 8. Qc2
O-O 9. Bg5 Nbd7 10. Nbd2 Bb7 11. e4 dxe4 12. Nxe4 Nxe4 13. Bxe7 Qxe7 14. Qxe4
Nf6 15. Qe2 c5 16. d5 Rfe8 17. Rfe1 Qf8 18. dxe6 Rxe6 19. Qd2 Rd8 20. Qf4 Ne4
21. Rad1 h6 22. h4 Qe7 23. Rxd8+ Qxd8 24. Ne5 Rf6 25. Qe3 Nd6 26. Bxb7 Nxb7 27.
Nc6 Qc7 28. Ne7+ Kh8 29. Nd5 Qd6 30. Nxf6 Qxf6 31. Qe8+ Kh7 32. Qe4+ 1-0

[Event "English Online Blitz Gp2"]
[Site "chess.com INT"]
[Date "2020.05.09"]
[Round "8"]
[White "Bayat, Shohreh"]
[Black "Cooper, Lawrence H"]
[Result "0-1"]
[WhiteTitle "WFM"]
[BlackTitle "IM"]
[WhiteElo "2091"]
[BlackElo "2331"]
[WhiteFideId "12501018"]
[BlackFideId "401536"]
[EventDate "2020.05.09"]
[EventType "blitz"]

1. d4 Nf6 2. Nf3 d5 3. Nc3 Bf5 4. Bf4 e6 5. e3 Bb4 6. Bd3 Ne4 7. Bxe4 Bxe4 8.
O-O Bf5 9. Nb5 Ba5 10. c4 a6 11. Nc3 c6 12. cxd5 exd5 13. Ne5 O-O 14. Qh5 Bg6
15. Nxg6 hxg6 16. Qf3 Nd7 17. Ne2 Re8 18. Bd6 Nf6 19. Ba3 Ne4 20. Rfd1 Bc7 21.
Nf4 Qh4 22. g3 Qf6 23. Kg2 g5 24. Nd3 Qg6 25. Rac1 Re6 26. Qe2 g4 27. Qc2 Qh5
28. Nf4 Bxf4 29. exf4 Rh6 30. Kf1 Qxh2 31. Re1 Qh1+ 32. Ke2 Qf3+ 0-1

[Event "English Online Blitz Gp2"]
[Site "chess.com INT"]
[Date "2020.05.09"]
[Round "8"]
[White "Pein, Malcolm"]
[Black "Wadsworth, Matthew J"]
[Result "0-1"]
[WhiteTitle "IM"]
[BlackTitle "IM"]
[WhiteElo "2309"]
[BlackElo "2416"]
[WhiteFideId "400289"]
[BlackFideId "415804"]
[EventDate "2020.05.09"]
[EventType "blitz"]

1. d4 Nf6 2. c4 c5 3. d5 e6 4. Nc3 exd5 5. cxd5 d6 6. e4 g6 7. Nf3 Bg7 8. Nd2
Nbd7 9. Be2 O-O 10. O-O a6 11. a4 Re8 12. Qc2 Ne5 13. Re1 g5 14. Nf1 g4 15. Ra3
Nh5 16. Ng3 Nxg3 17. hxg3 h5 18. Nd1 Bd7 19. a5 c4 20. Ne3 Rc8 21. Bd2 h4 22.
Nf5 Bxf5 23. exf5 Qf6 24. gxh4 Qxh4 25. Rg3 Rc7 26. Bc3 Rce7 27. Bb4 Nd3 28.
Rxd3 cxd3 29. Qxd3 g3 0-1

[Event "English Online Blitz Gp2"]
[Site "chess.com INT"]
[Date "2020.05.09"]
[Round "8"]
[White "Nikolovski, Nikola"]
[Black "Quilter, Thomas A"]
[Result "1-0"]
[WhiteTitle "IM"]
[BlackTitle "CM"]
[WhiteElo "2454"]
[BlackElo "2162"]
[WhiteFideId "15002314"]
[BlackFideId "408530"]
[EventDate "2020.05.09"]
[EventType "blitz"]

1. e4 e5 2. Nf3 Qe7 3. Nc3 Nf6 4. Bc4 c6 5. O-O d6 6. d4 Bg4 7. dxe5 dxe5 8. h3
Bh5 9. a4 Nbd7 10. Be3 Qb4 11. Bb3 Nxe4 12. Nxe4 Qxe4 13. g4 Bg6 14. Ng5 Qb4 15.
Nxf7 Bxf7 16. Bxf7+ Kxf7 17. Qxd7+ Qe7 18. Rad1 h5 19. Qf5+ Qf6 20. Rd7+ Be7 21.
Bc5 Rhe8 22. Rxb7 Qxf5 23. gxf5 a5 24. Rd1 Kf6 25. Bxe7+ Rxe7 26. Rd6+ Kf7 27.
Rxe7+ Kxe7 28. Rxc6 e4 29. Re6+ Kf7 30. Rxe4 Rb8 31. b3 Rc8 32. Rc4 Rd8 33. Kg2
Rd5 34. Kg3 Rxf5 35. Rf4 1-0

[Event "English Online Blitz Gp2"]
[Site "chess.com INT"]
[Date "2020.05.09"]
[Round "8"]
[White "Chow, Samuel"]
[Black "Williams, Simon K"]
[Result "0-1"]
[WhiteTitle "FM"]
[BlackTitle "GM"]
[WhiteElo "2345"]
[BlackElo "2464"]
[WhiteFideId "3202992"]
[BlackFideId "404454"]
[EventDate "2020.05.09"]
[EventType "blitz"]

1. d4 e6 2. e4 b6 3. Bd3 Bb7 4. Qe2 g6 5. f4 Bg7 6. Nf3 Ne7 7. c3 f5 8. e5 c5 9.
O-O O-O 10. a3 Nbc6 11. dxc5 bxc5 12. Be3 Na5 13. Nbd2 Rc8 14. b4 cxb4 15. axb4
Nac6 16. Nc4 Nd5 17. Bd2 Nce7 18. Rxa7 Rxc4 19. Bxc4 Qc8 20. Ra3 Nb6 21. Bd3 Bd5
22. Nd4 Nc4 23. Raa1 g5 24. Nc2 gxf4 25. Bxf4 Ng6 26. Bg3 Ncxe5 27. Ne3 Bb7 28.
Rac1 f4 29. Ng4 Nxd3 30. Qxd3 Qc6 31. Rc2 fxg3 32. Rxf8+ Bxf8 33. Nf6+ Kh8 34.
Qxg3 e5 35. Ng4 Bd6 36. Nf2 Nf4 37. Nd3 Qe4 38. Nxf4 Qxc2 39. Nh5 Qd1+ 40. Kf2
Qxh5 0-1

[Event "English Online Blitz Gp2"]
[Site "chess.com INT"]
[Date "2020.05.09"]
[Round "8"]
[White "Sygnowski, Tomasz"]
[Black "Mortazavi, Ali"]
[Result "0-1"]
[BlackTitle "IM"]
[WhiteElo "2143"]
[BlackElo "2333"]
[WhiteFideId "1115880"]
[BlackFideId "401323"]
[EventDate "2020.05.09"]
[EventType "blitz"]

1. e4 c6 2. d4 d5 3. exd5 cxd5 4. Bd3 Nc6 5. c3 Qc7 6. Nd2 g6 7. Ne2 Bg7 8. f4
Nh6 9. O-O Nf5 10. Nf3 O-O 11. Qe1 f6 12. g4 Nd6 13. Qh4 e6 14. Ng3 Bd7 15. f5
exf5 16. gxf5 Be8 17. fxg6 hxg6 18. Bh6 Bxh6 19. Qxh6 Qg7 20. Qh3 Bd7 21. Qg2
Ne7 22. Rae1 Bc6 23. Nh4 g5 24. Nhf5 Nexf5 25. Nxf5 Nxf5 26. Bxf5 Rae8 27. Be6+
Kh8 28. Bxd5 Qd7 29. Bxc6 bxc6 30. Qf3 Kg7 31. Rxe8 Qxe8 32. Qg3 Qe6 33. h4 g4
34. Re1 Qf5 35. Qf2 Qd7 36. Qf4 Rf7 37. Kg2 Qd5+ 38. Kg3 Kh7 39. b3 f5 40. c4
Qa5 41. Re2 Qc3+ 42. Qe3 f4+ 0-1

[Event "English Online Blitz Gp2"]
[Site "chess.com INT"]
[Date "2020.05.09"]
[Round "8"]
[White "Davis, Holden"]
[Black "Grieve, Harry"]
[Result "1-0"]
[BlackTitle "FM"]
[WhiteElo "1882"]
[BlackElo "2355"]
[WhiteFideId "440019"]
[BlackFideId "426520"]
[EventDate "2020.05.09"]
[EventType "blitz"]

1. e4 c5 2. d4 cxd4 3. c3 Nf6 4. e5 Nd5 5. Nf3 e6 6. cxd4 d6 7. a3 Nc6 8. Bd3
Qc7 9. Qe2 b6 10. O-O Bb7 11. Re1 Rc8 12. Bd2 h6 13. Nc3 Na5 14. Nb5 Qb8 15.
Bxa5 bxa5 16. exd6 Bxd6 17. Nxd6+ Qxd6 18. Bb5+ Ke7 19. Ne5 Nf4 20. Qg4 Nxg2 21.
Qxg7 Nxe1 22. Qxf7+ Kd8 23. Qxb7 Qc7 24. Nf7+ Ke7 25. Qxc7+ Rxc7 26. Nxh8 Nf3+
27. Kg2 Nxd4 28. Bd3 Kf6 29. Ng6 e5 30. Nh4 Rd7 31. Be4 Nb3 32. Re1 Rd2 33. Nf3
Rxb2 34. Bd5 Nc5 35. Rxe5 Nd3 36. Re6+ Kf5 37. Nd4+ Kf4 38. Re4+ Kg5 39. Kg3
Nxf2 40. Re6 Nd3 41. h4+ Kh5 42. Bf3# 1-0

[Event "English Online Blitz Gp2"]
[Site "chess.com INT"]
[Date "2020.05.09"]
[Round "8"]
[White "Dilley, Jason M"]
[Black "Ashworth, Michael"]
[Result "1/2-1/2"]
[WhiteElo "2136"]
[BlackElo "2012"]
[WhiteFideId "403016"]
[BlackFideId "425044"]
[EventDate "2020.05.09"]
[EventType "blitz"]

1. d4 Nf6 2. Bg5 e6 3. e4 h6 4. Bxf6 Qxf6 5. e5 Qd8 6. Nf3 d5 7. exd6 Bxd6 8. c3
O-O 9. Bd3 c5 10. Qe2 cxd4 11. Nxd4 Nd7 12. O-O Nf6 13. Nd2 a6 14. Rad1 Qc7 15.
h3 b5 16. Ne4 Bb7 17. Nxf6+ gxf6 18. Qh5 Kg7 19. Nxe6+ fxe6 20. Qg6+ Kh8 21.
Qxh6+ Kg8 22. Qg6+ Qg7 23. Qxg7+ Kxg7 24. Bxb5 axb5 25. Rxd6 Bd5 26. Rd7+ Kg6
27. a3 Rad8 28. Rxd8 Rxd8 29. Rd1 Rd7 30. Rd4 Bc6 31. Rg4+ Kf7 32. Rd4 Rxd4 33.
cxd4 Kg6 34. Kf1 Kf5 35. f3 Kf4 36. Kf2 Bd5 37. g3+ Kg5 38. Ke3 Kf5 39. Ke2 Kg5
40. Ke3 Bc4 41. h4+ Kf5 42. g4+ Kg6 43. Kf4 Bd5 44. Ke3 Kh6 45. Kf4 Kg6 46. Ke3
Kh6 47. Ke2 Kg6 48. Ke3 1/2-1/2

[Event "English Online Blitz Gp2"]
[Site "chess.com INT"]
[Date "2020.05.09"]
[Round "8"]
[White "Gallagher, Daniel GH"]
[Black "Golding, James"]
[Result "0-1"]
[WhiteElo "2205"]
[BlackElo "2067"]
[WhiteFideId "436550"]
[BlackFideId "427250"]
[EventDate "2020.05.09"]
[EventType "blitz"]

1. e4 e5 2. Bc4 Nc6 3. Nc3 Nf6 4. d3 Bc5 5. f4 d6 6. Nf3 Ng4 7. Qe2 Nd4 8. Nxd4
Bxd4 9. Nd5 Nf2 10. Rf1 Bg4 11. Qd2 Qh4 12. g3 Qxh2 13. Ne3 Bxe3 14. Qxe3 Nh3
15. fxe5 O-O-O 16. exd6 Rxd6 17. Bd2 Rf6 18. Rxf6 gxf6 19. Bc3 Qh1+ 20. Kd2 Qg2+
21. Kc1 Qf1+ 22. Be1 Ng1 23. Kd2 Nf3+ 24. Kc3 Ne5 25. Kb3 Qh3 26. Bd2 Kb8 27.
Rf1 Bd7 28. Rxf6 Nxc4 29. dxc4 Qh5 30. Bc3 Be6 31. a3 Rd8 32. e5 b6 33. a4 a5
34. Rf4 Qd1 35. Rd4 Rxd4 36. Qxd4 Qe2 37. Qd8+ Kb7 38. Qd4 Qf3 39. Ka3 Qxg3 40.
c5 Qf3 41. cxb6 cxb6 42. Qd6 Qc6 43. Qe7+ Qc7 44. Qf6 Qc5+ 45. b4 Qxc3# 0-1

[Event "English Online Blitz Gp2"]
[Site "chess.com INT"]
[Date "2020.05.09"]
[Round "8"]
[White "Stoyanov, Viktor"]
[Black "Harvey, Marcus R"]
[Result "0-1"]
[BlackTitle "FM"]
[WhiteElo "2240"]
[BlackElo "2440"]
[WhiteFideId "450308"]
[BlackFideId "400092"]
[EventDate "2020.05.09"]
[EventType "blitz"]

1. d4 Nf6 2. c4 e6 3. g3 Bb4+ 4. Nd2 O-O 5. Bg2 d5 6. Nf3 b6 7. O-O Bb7 8. a3
Be7 9. b4 a5 10. b5 dxc4 11. Nxc4 Nbd7 12. Bb2 Qb8 13. Rc1 Bd5 14. Nce5 Qb7 15.
Nc6 Bd6 16. Nd2 Bxg2 17. Kxg2 Nb8 18. Kg1 Nxc6 19. Rxc6 Rfd8 20. Qc2 Ne8 21. Rc1
a4 22. Nc4 Be7 23. Ne5 Ra5 24. Qd3 Rd5 25. Qf3 Bf6 26. Ng4 Raxb5 27. Nxf6+ gxf6
28. e4 Rd6 29. Rxd6 cxd6 30. Ba1 Qd7 31. d5 e5 32. Qd3 Rb3 33. Qa6 Rxa3 34. Qxb6
Rb3 35. Qa6 Rb4 36. Qd3 Qb5 37. Qf3 Rb1 38. Qe3 Rxc1+ 39. Qxc1 Qc5 40. Qd1 a3
41. Kg2 Qb4 42. Qg4+ Kf8 43. Qf3 a2 44. Bc3 Qa3 45. Ba1 Qxf3+ 46. Kxf3 Nc7 47.
Ke3 Kg7 48. Kd3 Kg6 49. Kc4 f5 50. f3 fxe4 51. fxe4 f5 52. Kd3 Na6 53. exf5+
Kxf5 54. h3 h5 55. Kc4 Nc5 56. Bc3 Ne4 57. Ba1 Nxg3 0-1

[Event "English Online Blitz Gp2"]
[Site "chess.com INT"]
[Date "2020.05.09"]
[Round "8"]
[White "Roberson, Peter T"]
[Black "Baker, Chris W"]
[Result "1-0"]
[WhiteTitle "IM"]
[BlackTitle "IM"]
[WhiteElo "2437"]
[BlackElo "2227"]
[WhiteFideId "412384"]
[BlackFideId "401676"]
[EventDate "2020.05.09"]
[EventType "blitz"]

1. e4 e6 2. d4 d5 3. Nd2 Nf6 4. e5 Nfd7 5. c3 c5 6. Bd3 Nc6 7. Ngf3 f6 8. exf6
Nxf6 9. O-O cxd4 10. cxd4 Bd6 11. b3 O-O 12. Bb2 Nh5 13. g3 Qf6 14. Ne5 g6 15.
f4 Ng7 16. Rc1 Nf5 17. Re1 Nfxd4 18. Nxc6 bxc6 19. Rxc6 Bb4 20. Kg2 Bd7 21. Rc7
Rfd8 22. Nf3 Nxf3 23. Bxf6 Nxe1+ 24. Kf1 Rf8 25. Be5 Rad8 26. Bb1 Bb5+ 27. Kf2
Rf7 28. Rxf7 Kxf7 29. a3 Bxa3 30. Qxe1 Rc8 31. Qa5 Bc5+ 32. Kg2 Bd7 33. Bd3 Bb6
34. Qd2 Be8 35. Be2 Bd7 36. Bd4 Bd8 37. Bxa7 Ra8 38. Bd4 Be7 39. b4 Ra4 40. Bc3
Bc6 41. b5 Bb7 42. Bd4 Rb4 43. b6 Bd6 44. Kf2 Rb3 45. Bd1 Rb4 46. Bf3 Rb3 47.
Kg2 Rb4 48. h4 Rb1 49. h5 Ba6 50. Qa2 Bf1+ 51. Kh2 Re1 52. hxg6+ Kxg6 53. b7 1-0

[Event "English Online Blitz Gp2"]
[Site "chess.com INT"]
[Date "2020.05.09"]
[Round "8"]
[White "Gormally, Daniel W"]
[Black "Haria, Ravi"]
[Result "0-1"]
[WhiteTitle "GM"]
[BlackTitle "IM"]
[WhiteElo "2479"]
[BlackElo "2440"]
[WhiteFideId "406465"]
[BlackFideId "415820"]
[EventDate "2020.05.09"]
[EventType "blitz"]

1. d4 e6 2. Nf3 Nf6 3. c4 d5 4. g3 Bb4+ 5. Nc3 O-O 6. Bg2 dxc4 7. O-O Nc6 8. Bg5
Rb8 9. e3 h6 10. Bxf6 Qxf6 11. Nd2 Na5 12. Qc2 Qe7 13. a3 Bd6 14. Nb5 Bd7 15.
Nc3 c5 16. dxc5 Bxc5 17. Rad1 Rfc8 18. Nde4 Bc6 19. Qe2 b5 20. Qh5 Be8 21. Qe5
Bb6 22. Nxb5 Bc7 23. Nxc7 Qxc7 24. Qxc7 Rxc7 25. Rd2 Bc6 26. Rfd1 Rcb7 27. Rd8+
Rxd8 28. Rxd8+ Kh7 29. Rd2 f5 30. Nd6 Rb6 31. Bxc6 Rxc6 32. e4 c3 33. bxc3 Rxc3
34. exf5 exf5 35. Nxf5 Rf3 36. g4 h5 37. Rd7 hxg4 38. Rxg7+ Kh8 39. Ne3 Nc6 40.
Rxg4 Ne5 41. Rg5 Nd3 42. Rf5 Rh3 43. Kg2 Rh4 44. Kg3 Ra4 45. Rd5 Rxa3 46. h4 a5
47. h5 a4 48. Rd7 Ne5 49. Re7 Nc4 50. h6 Nxe3 51. fxe3 Rb3 52. Kf4 a3 53. Ra7
Kg8 54. e4 Rh3 55. Kg5 Rg3+ 56. Kf5 Rf3+ 57. Ke6 Rh3 58. Rxa3 Rxa3 59. h7+ Kxh7 0-1

[Event "English Online Blitz Gp2"]
[Site "chess.com INT"]
[Date "2020.05.09"]
[Round "8"]
[White "Waterfield, Mark"]
[Black "Westwood, Richard D"]
[Result "1-0"]
[WhiteElo "1641"]
[BlackElo "2080"]
[WhiteFideId "464910"]
[BlackFideId "412406"]
[EventDate "2020.05.09"]
[EventType "blitz"]

1. e4 c5 2. Nf3 d6 3. Bb5+ Bd7 4. Bxd7+ Nxd7 5. O-O e5 6. c3 g6 7. d4 Bg7 8.
dxe5 dxe5 9. Be3 Ngf6 10. Nbd2 O-O 11. Qc2 Qc7 12. Rfd1 Ng4 13. Nf1 Nxe3 14.
Nxe3 Nb6 15. Rd2 Rfd8 16. Rad1 Bf6 17. c4 Kg7 18. Nd5 Nxd5 19. cxd5 Be7 20. Qc3
Bd6 21. Rc2 Qe7 22. Nd2 b5 23. a3 f6 24. Qd3 a6 25. Qe3 Rdc8 26. Nb3 c4 27. Na5
Bc5 28. Qe2 Qc7 29. Nc6 Qd6 30. Rcc1 Rc7 31. g3 Re8 32. Kg2 h5 33. h4 Rec8 34.
Ra1 Rxc6 35. dxc6 Qxc6 36. Rd5 Bd4 37. Rc1 Rf8 38. b3 c3 39. Qd3 f5 40. Rxd4
exd4 41. Qxd4+ Kh6 42. Rxc3 Qxe4+ 43. Qxe4 fxe4 44. a4 Re8 45. axb5 axb5 46. Rc5
e3 47. fxe3 Rxe3 48. b4 Re8 49. Rxb5 Re2+ 50. Kf3 Rb2 51. Rb8 Kh7 52. b5 Rb3+
53. Kg2 Kg7 54. b6 Kh7 55. Rb7+ Kh6 56. Rb8 Kg7 57. Kf2 Kh7 58. Rb7+ Kh6 59. Rb8
Kg7 60. Kg2 Kh7 61. b7 Kg7 62. Kh3 Kh7 63. Kg2 Kg7 64. Kf2 Kf7 65. Rh8 Rb2+ 66.
Ke3 Rxb7 67. Rh7+ Kf6 68. Rxb7 1-0

[Event "English Online Blitz Gp2"]
[Site "chess.com INT"]
[Date "2020.05.09"]
[Round "8"]
[White "Claridge-Hansen, William"]
[Black "Arkell, Keith C"]
[Result "0-1"]
[WhiteTitle "FM"]
[BlackTitle "GM"]
[WhiteElo "2290"]
[BlackElo "2429"]
[WhiteFideId "422509"]
[BlackFideId "400270"]
[EventDate "2020.05.09"]
[EventType "blitz"]

1. c4 c5 2. g3 Nc6 3. Bg2 g6 4. Nc3 Bg7 5. Nf3 Nf6 6. d4 cxd4 7. Nxd4 Nxd4 8.
Qxd4 d6 9. O-O O-O 10. Qd3 Nd7 11. b3 Nc5 12. Qe3 Rb8 13. Bb2 b6 14. Rfd1 Bb7
15. Bxb7 Rxb7 16. Rab1 a6 17. b4 Nd7 18. Nd5 Ne5 19. Qb3 Qd7 20. f4 Ng4 21. Bxg7
Kxg7 22. Qf3 h5 23. h3 Nh6 24. Kg2 Rc8 25. Rbc1 Ng8 26. e4 e6 27. Ne3 Qc6 28. f5
exf5 29. exf5 Qxf3+ 30. Kxf3 Rc6 31. b5 axb5 32. cxb5 Rxc1 33. Rxc1 Ne7 34. g4
hxg4+ 35. hxg4 gxf5 36. Nxf5+ Nxf5 37. gxf5 Kf6 38. Rc6 Ke5 39. a4 f6 40. Ke3
Ra7 41. Rxb6 Rxa4 42. Rc6 Rb4 43. b6 d5 44. Rc5 Rxb6 45. Kf3 Rb3+ 46. Kg4 Rb4+
47. Kh5 Rf4 48. Kg6 Rg4+ 49. Kf7 Rh4 50. Kg6 Rg4+ 51. Kf7 Rf4 52. Kg6 Rc4 53.
Ra5 Rc6 54. Rb5 Ke4 55. Rb1 d4 56. Re1+ Kd5 57. Rd1 Ke5 58. Re1+ Kd5 59. Rd1 Rd6
60. Rd2 Ke5 61. Re2+ Kf4 62. Re6 Rd5 63. Kxf6 d3 64. Ra6 d2 65. Ra4+ Ke3 66. Ra1
Ke4 67. Ke6 Re5+ 68. Kf6 Rxf5+ 69. Kg6 Rd5 0-1

[Event "English Online Blitz Gp2"]
[Site "chess.com INT"]
[Date "2020.05.09"]
[Round "8"]
[White "Stojanas, Justinas"]
[Black "Boyd, John"]
[Result "0-1"]
[WhiteElo "2106"]
[BlackElo "2212"]
[WhiteFideId "12802328"]
[BlackFideId "405132"]
[EventDate "2020.05.09"]
[EventType "blitz"]

1. e4 d5 2. exd5 Nf6 3. Nc3 Nxd5 4. Bc4 Nb6 5. Bb3 Nc6 6. Qf3 e6 7. Nge2 Be7 8.
d3 O-O 9. Be3 Na5 10. g4 Nxb3 11. axb3 Nd5 12. h4 b6 13. g5 Bb7 14. Ne4 Nxe3 15.
Qxe3 Bxe4 16. dxe4 Bc5 17. Qf3 Qd6 18. Rd1 Qe5 19. c3 Rad8 20. Qf4 Rxd1+ 21.
Kxd1 Qxf4 22. Nxf4 Bxf2 23. Ke2 Bg3 24. Nd3 Bd6 25. e5 Be7 26. b4 a5 27. bxa5
bxa5 28. Ra1 Ra8 29. b4 a4 30. b5 g6 31. c4 h6 32. gxh6 Kh7 33. c5 Kxh6 34. Kd2
a3 35. Kc2 Bxh4 36. Kb3 Rb8 37. Kc4 g5 38. Rxa3 g4 39. Ra7 Rc8 40. Nf4 Kg5 41.
Ng2 Bg3 42. Kd4 Bf2+ 43. Kc4 Kf5 44. Ra2 g3 45. Re2 Kg4 46. Rd2 Kf3 47. Nh4+ Kf4
48. Re2 Kg4 49. Re4+ Kg5 50. Kd3 Ra8 51. Kc4 Ra4+ 52. Kd3 Rxe4 53. Kxe4 Bxc5 54.
Kf3 Bf2 55. Ng2 Kf5 56. Nh4+ Kxe5 57. Ke2 Kd5 58. b6 cxb6 0-1

[Event "English Online Blitz Gp2"]
[Site "chess.com INT"]
[Date "2020.05.09"]
[Round "8"]
[White "Alcock, Graham P"]
[Black "Norinkeviciute, Rasa"]
[Result "0-1"]
[BlackTitle "WFM"]
[WhiteElo "1736"]
[BlackElo "2010"]
[WhiteFideId "406325"]
[BlackFideId "12801925"]
[EventDate "2020.05.09"]
[EventType "blitz"]

1. e4 d6 2. d4 Nf6 3. Bd3 Nbd7 4. Nf3 c6 5. O-O Qc7 6. Bf4 e5 7. dxe5 dxe5 8.
Bg3 h6 9. Nc3 Be7 10. Qd2 Rg8 11. Rad1 g5 12. Bc4 b5 13. Bb3 a5 14. a4 b4 15.
Ne2 Ba6 16. Rfe1 Rd8 17. Qc1 Kf8 18. Rd2 Nxe4 19. Rdd1 Nec5 20. Nfd4 Nxb3 21.
cxb3 c5 22. Nf5 Bf6 23. Nxh6 Rh8 24. Ng4 Bg7 25. h3 f6 26. Ne3 Kf7 27. Nc4 Kg6
28. Qc2+ Kh6 29. Nd6 Nb6 30. Nf5+ Kg6 31. Rxd8 Qxd8 32. Rd1 Qc7 33. Nd6+ Kh6 34.
Nf5+ Kh5 35. f3 Rd8 36. Be1 Bxe2 37. Rxd8 Qxd8 38. Qxe2 Kg6 39. g4 Bf8 40. Qe4
Kf7 41. Nd6+ Bxd6 42. Qh7+ Ke6 43. Qf5+ Ke7 44. Qh7+ Ke8 45. Qg8+ Kd7 46. Qh7+
Qe7 47. Qf5+ Kc7 48. Qe4 Qd7 49. h4 gxh4 50. Bxh4 Be7 51. Bg3 Qd4+ 52. Qxd4 cxd4
53. Kf2 Nd5 54. Ke2 Kc6 55. Kd3 Kc5 56. Bh4 Kd6 57. Bg3 Ke6 58. Kc4 Bd8 59. Kb5
Ne3 60. Bf2 Nc2 61. Kc4 Ne3+ 62. Bxe3 dxe3 63. Kd3 Bb6 64. Ke2 Kd5 65. Kd3 Bd4
66. Ke2 Ke6 67. Kd3 f5 68. gxf5+ Kxf5 69. Ke2 Kf4 70. Kf1 Kxf3 71. Ke1 e2 72.
Kd2 Kf2 73. Kd3 e1=Q 0-1

[Event "English Online Blitz Gp2"]
[Site "chess.com INT"]
[Date "2020.05.09"]
[Round "9"]
[White "Kuzhelev, Timur"]
[Black "Badacsonyi, Frankie"]
[Result "1-0"]
[WhiteElo "1781"]
[BlackElo "1511"]
[WhiteFideId "44101791"]
[BlackFideId "460400"]
[EventDate "2020.05.09"]
[EventType "blitz"]

1. e4 e6 2. d4 d5 3. exd5 exd5 4. c4 Bb4+ 5. Nc3 Nf6 6. Nf3 O-O 7. Be2 Re8 8.
O-O dxc4 9. Bxc4 c6 10. Qb3 Qe7 11. Ne5 Be6 12. Bxe6 fxe6 13. Bg5 Bxc3 14. bxc3
Nbd7 15. Qxb7 Nxe5 16. Qxe7 1-0

[Event "English Online Blitz Gp2"]
[Site "chess.com INT"]
[Date "2020.05.09"]
[Round "9"]
[White "Bettley, Andrew D"]
[Black "Burnett, Leon P"]
[Result "1-0"]
[WhiteElo "1501"]
[BlackElo "1834"]
[WhiteFideId "471950"]
[BlackFideId "444448"]
[EventDate "2020.05.09"]
[EventType "blitz"]

1. e4 c5 2. Nf3 Nc6 3. d4 cxd4 4. Nxd4 g6 5. Nc3 Bg7 6. Be3 Nf6 7. Be2 O-O 8.
O-O d5 9. exd5 Nxd5 10. Nxd5 Qxd5 11. Bf3 Qc4 12. Nxc6 bxc6 13. c3 Bf5 14. Qb3
Qa6 15. Rfd1 Rab8 16. Qa3 Rfe8 17. Qxa6 1-0